00771nas a2200229Ia 4500001002800000003001000028008004100038040002500079041001300104100001700117210003000134222003000164245007100194250001100265260000900276501012300285300001400408362002400422500005900446650002500505700001100530A09/R103-27550 [r000021011]IT-MiCISF161014c99999999xx |||||||||||| ||und|| aIT-MiCISFcIT-MiCISF aITALIANO aSerra Angelo aConsultori familiari oggi aConsultori familiari oggi 0aSessualità e affettività, adolescenti ed educatori a confronto a1a ed. c1998 bCISF - Centro Internazionale Studi Famiglia - Via Giotto, 36 20145 MILANO (non commercial uses only)cCopyright 2016 app. 77-84 an. 2, giugno [1998] a Tema: adolescenza, educazione-sessuale, affettività aEDUCAZIONEvarticolo aAA.VV.